000 00564nam a2200193Ia 4500
003 GCL
008 140319s9999 xx 000 0 ara d
040 _aGCL /
_cGCL
082 0 4 _a811.9
_bم م
100 1 _aمحمد التهامى
245 1 0 _aاغنيات لعشاق الوطن /
_cمحمد التهامى
260 _a[S.N] :
_bالهيئة المصرية العامة للكتاب
300 _a187 ص
490 _a
650 0 4 _aالشعر العربى
650 0 4 _aالادب العربى
650 0 4 _aالعصر الحديث
942 _2ddc
_cBK
999 _c30219
_d30219